| 000 | 01702nam a22003737a 4500 | ||
|---|---|---|---|
| 003 | CHAP | ||
| 005 | 20220817044516.0 | ||
| 008 | 120301s2008 it a r 00010 spa d | ||
| 010 | _a102880 | ||
| 011 | _a103852 | ||
| 035 | _a114541 | ||
| 040 | _cCHAP | ||
| 090 | _aFolleto 16098 | ||
| 110 | 2 | _aFAO | |
| 245 | 1 | 3 |
_aCambio climático, energía y alimentos _c/por FAO |
| 260 |
_aRoma : _bFAO, _c2008 |
||
| 300 |
_av. : _b+ CD (4 3/4 plag.) |
||
| 505 | 0 | _av.1 Conferencia sobre los nuevos retos. -- v.2 El cambio climático, el agua y la seguridad alimentaria. -- v.3 El cambio climático, los biocombustibles y la tierra. -- v.4 El cambio climático, la pesca y la acuicultura. -- v.5 El cambio climáticos, las plagas y las enfermedades transfronterizas. v.6 La bioenergía y la seguridad alimentaria. -- v.7 Cambios climático y gestión de riesgos de desastres. -- v.8 El cambio climático y la biodiversidad para los alimentos y la agricultura. -- v.9 Mitigación del cambio climático y adaptación en la agricultura, la sivicultura y pesca | |
| 590 |
_aBATCH-UPD _b10 _c20130110 _lUCH01 _h1250 |
||
| 590 |
_aBATCH-UPD _b10 _c20130410 _lUCH01 _h0812 |
||
| 590 |
_aBATCH-UPD _b10 _c20130914 _lUCH01 _h0225 |
||
| 590 |
_aCONVERSION _b10 _c20130109 _lUCH01 _h1357 |
||
| 650 | 1 | 4 |
_aAcuicultura. _9758 |
| 650 | 1 | 4 |
_aAgricultura. _91172 |
| 650 | 1 | 4 |
_aAlimentos _xAbastecimiento. |
| 650 | 1 | 4 |
_aCambios climáticos. _917792 |
| 650 | 1 | 4 |
_aCultivos y clima. _930392 |
| 650 | 1 | 4 |
_aEnergía. _936881 |
| 650 | 1 | 4 |
_aPolítica ambiental. _990422 |
| 650 | 1 | 4 |
_aSeguridad alimentaria. _9103673 |
| 901 | _aBK | ||
| 942 | _cFOLL | ||
| 949 |
_aFolleto 16098 _bBC _cFAO _d33724002328827 _eFAO1 _gDonaciØn _i114541 _sb |
||
| 999 |
_c102880 _d102880 |
||